000 01095cam a22003497a 4500
003 CHAP
005 20220329133112.0
008 971013s1991 r 00010 d
010 _a2159
011 _a3131
035 _a2331
040 _cCHAP
082 _a581
_bN5
100 0 0 _aNicolson, Dan Henry.
_981211
245 0 _aFlora of Dominica
260 _aWashington, D. C. :
_bSmithsonian Institution,
_c1991
300 _a2 v.
490 0 _aSmithsonian contributions to botany
_v; 77
500 _aD44-192
500 _aLa biblioteca tiene: v.1 Dicotyledoneae
590 _aBATCH-UPD
_b10
_c20130110
_lUCH01
_h0147
590 _aBATCH-UPD
_b10
_c20130110
_lUCH01
_h1741
590 _aBATCH-UPD
_b10
_c20130410
_lUCH01
_h1120
590 _aBATCH-UPD
_b10
_c20130914
_lUCH01
_h0726
590 _aCONVERSION
_b10
_c20130109
_lUCH01
_h1302
650 1 4 _aBotánica
_xDominica.
_914531
650 1 4 _aDicotiledóneas.
_932483
830 0 _aSmithsonian contributions to botany
_v; 77
_9107168
901 _aBK
942 _cLIBRO
949 _a581 N5
_bBC
_cLIBRO
_d33724000520375
_eLIBRO
_h79665
_i2331
_si
999 _c2159
_d2159